[Event "ESP-chT CECLUB Div2 Gp1"]
[Site "Padron"]
[Date "2012.08.08"]
[Round "1.2"]
[White "Glavina, Pablo"]
[Black "Rodriguez Fernandez, Juan Ramon"]
[Result "1-0"]
[WhiteElo "2446"]
[BlackElo "2220"]
[PlyCount "48"]
[EventDate "2012.08.08"]
[EventType "team-swiss"]
[EventRounds "6"]
[EventCountry "ESP"]
[SourceTitle "CBM 149 Extra"]
[Source "ChessBase"]
[SourceDate "2012.08.24"]
[SourceVersion "1"]
[SourceVersionDate "2012.08.24"]
[SourceQuality "1"]
[WhiteTeam "Casablanca Stadium"]
[BlackTeam "Oviedo 93"]
[WhiteTeamCountry "ESP"]
[BlackTeamCountry "ESP"]

1. d4 Nf6 2. c4 g6 3. f3 Bg7 4. e4 d6 5. Be3 0-0 6. Ne2 c5 7. d5 e6 8. Nec3 exd5 9. cxd5 Re8 10. Be2 Na6 11. 0-0 Nc7 12. a4 b6 13. Na3 Nd7 14. a5 Rb8 15. axb6 axb6 16. Nab5 Nxb5 17. Nxb5 Qe7 18. Qd2 Ne5 19. Ra7 Bb7 20. f4 Nc4 21. Bxc4 Qxe4 22. Nxd6 Ra8 23. Ra6 Bf8 24. Rxa8 Bc8 1-0

[Event "Oviedo Fapa op"]
[Site "Oviedo"]
[Date "2009.12.29"]
[Round "4"]
[White "Marcos Pinto, Luis"]
[Black "Rodriguez Fernandez, Juan Ramon"]
[Result "1-0"]
[WhiteElo "2136"]
[BlackElo "2207"]
[PlyCount "61"]
[EventDate "2009.12.26"]
[EventType "swiss"]
[EventRounds "9"]
[EventCountry "ESP"]
[SourceTitle "CBM 134 Extra"]
[Source "ChessBase"]
[SourceDate "2010.03.03"]
[SourceVersion "1"]
[SourceVersionDate "2010.03.03"]
[SourceQuality "1"]

1. e4 Nf6 2. e5 Nd5 3. c4 Nb6 4. d4 d6 5. f4 dxe5 6. fxe5 c5 7. d5 e6 8. Nc3 exd5 9. cxd5 c4 10. Nf3 Bb4 11. Bxc4 Bxc3+ 12. bxc3 Nxc4 13. Qa4+ Nd7 14. Qxc4 Nb6 15. Qb5+ Qd7 16. Qxd7+ Bxd7 17. c4 Rc8 18. Be3 Nxc4 19. Bxa7 0-0 20. Kf2 Rfe8 21. Bd4 Bg4 22. Rhe1 Na3 23. Rac1 Nc2 24. Re4 f5 25. Rf4 Nb4 26. Rxc8 Rxc8 27. d6 Nd3+ 28. Ke3 Nxf4 29. Kxf4 Bxf3 30. e6 Rc4 31. d7 1-0

[Event "Oviedo Fapa op"]
[Site "Oviedo"]
[Date "2009.12.28"]
[Round "3"]
[White "Rodriguez Fernandez, Juan Ramon"]
[Black "Reno Vazquez, Jose Manuel"]
[Result "1-0"]
[WhiteElo "2207"]
[BlackElo "1642"]
[PlyCount "49"]
[EventDate "2009.12.26"]
[EventType "swiss"]
[EventRounds "9"]
[EventCountry "ESP"]
[SourceTitle "CBM 134 Extra"]
[Source "ChessBase"]
[SourceDate "2010.03.03"]
[SourceVersion "1"]
[SourceVersionDate "2010.03.03"]
[SourceQuality "1"]

1. g3 Nf6 2. Bg2 d5 3. Nf3 c6 4. 0-0 Bg4 5. c4 dxc4 6. Qc2 Nbd7 7. Qxc4 e5 8. d3 Bd6 9. Nbd2 0-0 10. b3 Qc7 11. Bb2 b5 12. Qc2 Rfe8 13. Rac1 Rac8 14. h3 Bh5 15. Rfe1 Qb6 16. a3 Bg6 17. Nh4 e4 18. e3 Nc5 19. dxe4 Nfxe4 20. Nxg6 Nxd2 21. Qxd2 Rcd8 22. Qc3 f6 23. Nf4 Bxf4 24. Qxc5 Qa5 25. b4 1-0

[Event "Oviedo op 3rd"]
[Site "Oviedo"]
[Date "2008.07.28"]
[Round "6"]
[White "Rodriguez Fernandez, Juan Ramon"]
[Black "Sanchez Vergara, Alberto"]
[Result "1-0"]
[WhiteElo "2206"]
[BlackElo "2063"]
[PlyCount "109"]
[EventDate "2008.07.23"]
[EventType "swiss"]
[EventRounds "9"]
[EventCountry "ESP"]
[SourceTitle "CBM 125 Extra"]
[Source "ChessBase"]
[SourceDate "2008.09.01"]
[SourceVersion "1"]
[SourceVersionDate "2008.09.01"]
[SourceQuality "1"]

1. e4 e5 2. Nf3 Nc6 3. Bc4 Nf6 4. d4 exd4 5. e5 d5 6. Bb5 Ne4 7. Nxd4 Bc5 8. Bxc6+ bxc6 9. Be3 0-0 10. Nd2 Nxd2 11. Qxd2 Qe8 12. Nb3 Bb6 13. Qc3 f6 14. exf6 Rxf6 15. 0-0 Qg6 16. Bc5 Bf5 17. Nd4 Bxc5 18. Nxf5 Rxf5 19. Qxc5 Rg5 20. g3 h5 21. Rae1 h4 22. Qe3 Kh7 23. Qd3 Rb8 24. Qxg6+ Rxg6 25. b3 c5 26. Re5 Rd8 27. Rfe1 hxg3 28. hxg3 Rd7 29. Re7 Rgd6 30. Rxd7 Rxd7 31. Re6 Rd6 32. Re7 Rc6 33. Rd7 d4 34. Kg2 a6 35. Kf3 Kg6 36. Ke4 c4 37. Rxd4 cxb3 38. cxb3 Rc2 39. Ra4 Rxf2 40. Rxa6+ Kf7 41. Rc6 Rxa2 42. Rxc7+ Kf8 43. Rb7 Rg2 44. Kf3 Rb2 45. Kf4 Kg8 46. b4 Kh7 47. b5 Rf2+ 48. Kg5 Rb2 49. b6 Rb5+ 50. Kf4 Rb4+ 51. Ke5 Kh6 52. Kd6 Kh5 53. Kc6 g5 54. Ra7 Kg4 55. Ra3 1-0

[Event "Oviedo op"]
[Site "Oviedo"]
[Date "2007.07.27"]
[Round "7"]
[White "Canteli Martinez, Daniel"]
[Black "Rodriguez Fernandez, Juan Ramon"]
[Result "1/2-1/2"]
[WhiteElo "2079"]
[BlackElo "2204"]
[PlyCount "112"]
[EventDate "2007.07.21"]
[EventType "swiss"]
[EventRounds "9"]
[EventCountry "ESP"]
[SourceTitle "EXT 2008"]
[Source "ChessBase"]
[SourceDate "2007.11.25"]
[SourceVersion "1"]
[SourceVersionDate "2007.11.25"]
[SourceQuality "1"]

1. d4 Nf6 2. g3 g6 3. Bg2 Bg7 4. e4 d6 5. Ne2 0-0 6. Nbc3 Na6 7. h3 c5 8. Be3 cxd4 9. Nxd4 Nc5 10. 0-0 Ne6 11. Nde2 Nc5 12. e5 Nfd7 13. exd6 exd6 14. Qxd6 Ne6 15. Rad1 Ne5 16. Qxd8 Rxd8 17. Nd5 Nc4 18. b3 Nxe3 19. Nxe3 Nd4 20. Nxd4 Rxd4 21. Rxd4 Bxd4 22. Rd1 Bb6 23. Nd5 Bd8 24. c4 Rb8 25. c5 Kf8 26. b4 Be6 27. a3 Bxd5 28. Rxd5 Ke7 29. f4 Bc7 30. Rd3 b6 31. Re3+ Kf6 32. c6 Rd8 33. Bf3 a5 34. b5 Bd6 35. Kf1 Kg7 36. Bg4 f5 37. Be2 Kf8 38. Rd3 Bc7 39. Re3 Re8 40. Rc3 Rd8 41. Bf3 Ke7 42. h4 h6 43. Re3+ Kf7 44. Be2 Re8 45. Bc4+ Kf8 46. Rd3 Rd8 47. Rxd8+ Bxd8 48. h5 gxh5 49. Be6 Bc7 50. Bxf5 h4 51. Kg2 hxg3 52. Kxg3 Kf7 53. Kf3 Kf6 54. Ke4 Bb8 55. Bh3 Bc7 56. Bg4 Bb8 1/2-1/2

[Event "Oviedo op"]
[Site "Oviedo"]
[Date "2007.07.26"]
[Round "6"]
[White "Rodriguez Fernandez, Juan Ramon"]
[Black "Miranda Gonzalez, Jose Luis"]
[Result "1-0"]
[WhiteElo "2204"]
[BlackElo "1990"]
[PlyCount "109"]
[EventDate "2007.07.21"]
[EventType "swiss"]
[EventRounds "9"]
[EventCountry "ESP"]
[SourceTitle "EXT 2008"]
[Source "ChessBase"]
[SourceDate "2007.11.25"]
[SourceVersion "1"]
[SourceVersionDate "2007.11.25"]
[SourceQuality "1"]

1. e4 c6 2. d4 d5 3. Nc3 dxe4 4. Nxe4 Bf5 5. Ng3 Bg6 6. h4 h6 7. Nf3 Nd7 8. h5 Bh7 9. Bd3 Bxd3 10. Qxd3 Qc7 11. Bd2 Ngf6 12. 0-0-0 e6 13. Ne4 0-0-0 14. g3 Nxe4 15. Qxe4 Nf6 16. Qe2 Bd6 17. c4 c5 18. Bc3 cxd4 19. Nxd4 a6 20. Kb1 Qc5 21. g4 Bc7 22. Nb3 Qg5 23. f3 Rxd1+ 24. Rxd1 Rd8 25. Rxd8+ Kxd8 26. Qd2+ Qxd2 27. Nxd2 Ke7 28. Kc2 Bf4 29. Kd3 Ne8 30. Ne4 f5 31. gxf5 exf5 32. Nc5 Nf6 33. Bxf6+ Kxf6 34. Nxb7 Kg5 35. Nc5 Kxh5 36. Nxa6 Kg6 37. Ke2 Kf7 38. Nc5 g5 39. Nd3 Bc7 40. f4 g4 41. Kf2 Ke6 42. b4 h5 43. a4 h4 44. a5 Kd6 45. a6 Kc6 46. b5+ Kb6 47. c5+ Ka7 48. Ne5 Bxe5 49. fxe5 h3 50. c6 Kb6 51. e6 h2 52. Kg2 g3 53. e7 f4 54. e8Q f3+ 55. Kh1 1-0

[Event "Oviedo op"]
[Site "Oviedo"]
[Date "2007.07.23"]
[Round "3"]
[White "Luch, Michal"]
[Black "Rodriguez Fernandez, Juan Ramon"]
[Result "1-0"]
[WhiteElo "2362"]
[BlackElo "2204"]
[PlyCount "83"]
[EventDate "2007.07.21"]
[EventType "swiss"]
[EventRounds "9"]
[EventCountry "ESP"]
[SourceTitle "EXT 2008"]
[Source "ChessBase"]
[SourceDate "2007.11.25"]
[SourceVersion "1"]
[SourceVersionDate "2007.11.25"]
[SourceQuality "1"]

1. d4 Nf6 2. c4 g6 3. Nc3 Bg7 4. Nf3 0-0 5. g3 d6 6. Bg2 Nc6 7. 0-0 e5 8. d5 Ne7 9. e4 a5 10. Ne1 Nd7 11. Nd3 f5 12. f4 Kh8 13. fxe5 Nxe5 14. Nxe5 Bxe5 15. Bg5 Bd7 16. Qd2 Qe8 17. Rae1 Ng8 18. Bh3 Qf7 19. Bf4 Rae8 20. exf5 gxf5 21. Kg2 Bg7 22. Be3 Qg6 23. Bd4 Nf6 24. Rxe8 Rxe8 25. Re1 Rxe1 26. Qxe1 Ng4 27. Bxg7+ Qxg7 28. Bxg4 fxg4 29. Qf2 b6 30. Ne4 Qe7 31. Qf6+ Qxf6 32. Nxf6 Bf5 33. Ne8 Bb1 34. a3 Ba2 35. Nxc7 Bxc4 36. Kf2 Kg8 37. Ke3 Kf7 38. Kd4 Be2 39. Ne6 Kf6 40. Nf8 Kg7 41. Nd7 b5 42. Nb6 1-0

[Event "Oviedo op"]
[Site "Oviedo"]
[Date "2007.07.22"]
[Round "2"]
[White "Rodriguez Fernandez, Juan Ramon"]
[Black "Fernandez Ponce, Luis Miguel"]
[Result "1-0"]
[WhiteElo "2204"]
[BlackElo "1978"]
[PlyCount "73"]
[EventDate "2007.07.21"]
[EventType "swiss"]
[EventRounds "9"]
[EventCountry "ESP"]
[SourceTitle "EXT 2008"]
[Source "ChessBase"]
[SourceDate "2007.11.25"]
[SourceVersion "1"]
[SourceVersionDate "2007.11.25"]
[SourceQuality "1"]

1. e4 e5 2. Nf3 Nc6 3. d4 exd4 4. Bc4 Bc5 5. 0-0 d6 6. c3 d3 7. Qxd3 Bg4 8. Bg5 f6 9. Bxg8 Rxg8 10. Bh4 Bxf3 11. Qxf3 Qd7 12. Nd2 0-0-0 13. b4 Bb6 14. a4 a5 15. Nc4 Ba7 16. Nxa5 Nxa5 17. bxa5 Rde8 18. Bg3 Qc6 19. Rfe1 Re7 20. Qf5+ Kb8 21. Qb5 Rge8 22. Rab1 Qxb5 23. axb5 Bc5 24. Kf1 Rxe4 25. Rxe4 Rxe4 26. Re1 Rxe1+ 27. Kxe1 Ka7 28. Bf4 c6 29. c4 cxb5 30. cxb5 Bb4+ 31. Bd2 Ba3 32. Ke2 Kb8 33. Kd3 Bc5 34. Be3 b6 35. a6 Kc7 36. Kc4 g5 37. g4 1-0

[Event "Oviedo op"]
[Site "Oviedo"]
[Date "2007.07.21"]
[Round "1"]
[White "Reno Chanca, Sergio"]
[Black "Rodriguez Fernandez, Juan Ramon"]
[Result "0-1"]
[WhiteElo "1842"]
[BlackElo "2204"]
[PlyCount "62"]
[EventDate "2007.07.21"]
[EventType "swiss"]
[EventRounds "9"]
[EventCountry "ESP"]
[SourceTitle "EXT 2008"]
[Source "ChessBase"]
[SourceDate "2007.11.25"]
[SourceVersion "1"]
[SourceVersionDate "2007.11.25"]
[SourceQuality "1"]

1. Nf3 Nf6 2. g3 g6 3. Bg2 Bg7 4. 0-0 0-0 5. d3 d6 6. c4 e5 7. Nc3 Nc6 8. Bd2 h6 9. Rb1 a5 10. a3 Be6 11. b4 axb4 12. axb4 Qd7 13. b5 Ne7 14. e4 Bh3 15. Qb3 Nh5 16. Ne2 Kh7 17. Nh4 Bxg2 18. Kxg2 g5 19. Nf3 f5 20. Ne1 Ng6 21. f3 fxe4 22. dxe4 g4 23. Qe3 Qe6 24. f4 exf4 25. gxf4 Rae8 26. e5 Nh4+ 27. Kh1 Qxc4 28. Rb4 Qd5+ 29. Re4 Nf5 30. Nc3 Nxe3 31. Nxd5 Nxd5 0-1

[Event "Gijon op 2nd"]
[Site "Gijon"]
[Date "2007.06.30"]
[Round "7.5"]
[White "Rodriguez Fernandez, Juan Ramon"]
[Black "Busto Campa, Jorge"]
[Result "1/2-1/2"]
[WhiteElo "2176"]
[BlackElo "1899"]
[PlyCount "44"]
[EventDate "2007.06.25"]
[EventType "swiss"]
[EventRounds "8"]
[EventCountry "ESP"]
[SourceTitle "CBM 119 Extra"]
[Source "ChessBase"]
[SourceDate "2007.09.04"]
[SourceVersion "1"]
[SourceVersionDate "2007.09.04"]
[SourceQuality "1"]

1. e4 e5 2. Nf3 d6 3. d4 Nd7 4. Nc3 Ngf6 5. Bc4 h6 6. 0-0 Be7 7. Qe2 c6 8. a4 a5 9. h3 Qc7 10. dxe5 dxe5 11. Nh4 Nc5 12. Nf5 Bf8 13. f4 Ne6 14. Kh1 g6 15. Bxe6 Bxe6 16. fxe5 Nh5 17. g4 gxf5 18. gxh5 fxe4 19. Nxe4 0-0-0 20. Bf4 Rd4 21. Nd6+ Rxd6 22. exd6 Bxd6 1/2-1/2

[Event "Oviedo op"]
[Site "Oviedo"]
[Date "2006.07.07"]
[Round "7.9"]
[White "Rodriguez Fernandez, Juan Ramon"]
[Black "Martin Fernandez, Jorge"]
[Result "1/2-1/2"]
[WhiteElo "2174"]
[BlackElo "1945"]
[PlyCount "74"]
[EventDate "2006.07.01"]
[EventType "swiss"]
[EventRounds "9"]
[EventCountry "ESP"]
[SourceTitle "CBM 113 Extra"]
[Source "ChessBase"]
[SourceDate "2006.09.14"]
[SourceVersion "1"]
[SourceVersionDate "2006.09.14"]
[SourceQuality "1"]

1. e4 c6 2. d4 d5 3. Nc3 dxe4 4. Nxe4 Bf5 5. Ng3 Bg6 6. Nf3 Nd7 7. h4 h6 8. h5 Bh7 9. Bd3 Bxd3 10. Qxd3 Qc7 11. Rh4 e6 12. Ne4 Ngf6 13. Bf4 Qa5+ 14. Bd2 Qc7 15. 0-0-0 Nxe4 16. Qxe4 0-0-0 17. Qe2 Bd6 18. c4 c5 19. Kb1 Nf6 20. Bc3 cxd4 21. Nxd4 a6 22. Rhh1 Rhe8 23. Nb3 Qc6 24. Bxf6 gxf6 25. g4 Bf8 26. f3 Rxd1+ 27. Rxd1 Rd8 28. Rxd8+ Kxd8 29. Kc2 Ke7 30. a3 b6 31. Nd4 Qa4+ 32. Nb3 Qc6 33. Kc3 Qd6 34. Nd4 Bg7 35. Nb3 f5+ 36. Kc2 fxg4 37. fxg4 Qf4 1/2-1/2

[Event "Asturias-chT Preferente 0304"]
[Site "Asturias"]
[Date "2003.12.20"]
[Round "6"]
[White "Rodriguez Fernandez, Juan Ramon"]
[Black "Perez Diaz, Manuel Amador"]
[Result "1-0"]
[WhiteElo "2202"]
[BlackElo "1913"]
[PlyCount "63"]
[EventDate "2003.??.??"]
[EventType "team-tourn"]
[EventRounds "7"]
[EventCountry "ESP"]
[SourceTitle "EXT 2007"]
[Source "ChessBase"]
[SourceDate "2006.11.23"]
[SourceVersion "1"]
[SourceVersionDate "2006.11.23"]
[SourceQuality "1"]

1. e4 e5 2. Nf3 Nf6 3. Nxe5 d6 4. Nf3 Nxe4 5. c4 Bg4 6. Be2 Be7 7. 0-0 0-0 8. d4 Nd7 9. Re1 Re8 10. Be3 c6 11. Nc3 Ndf6 12. h3 Bh5 13. Nxe4 Nxe4 14. Bf1 d5 15. g4 Bg6 16. c5 h6 17. Bd3 Ng5 18. Bxg6 Nxf3+ 19. Qxf3 fxg6 20. Bf4 Rf8 21. Qe3 Bh4 22. Re2 Qf6 23. Be5 Qf3 24. Rc1 Qxe3 25. fxe3 Rf3 26. Rf1 Raf8 27. Rxf3 Rxf3 28. Bf4 g5 29. Kg2 Rf2+ 30. Rxf2 Bxf2 31. Kxf2 gxf4 32. exf4 1-0

[Event "Asturias-ch"]
[Site "Oviedo"]
[Date "2003.04.05"]
[Round "9.7"]
[White "Rodriguez Fernandez, Juan Ramon"]
[Black "Prieto Busto, Luis"]
[Result "0-1"]
[WhiteElo "2189"]
[BlackElo "2038"]
[PlyCount "122"]
[EventDate "2003.02.22"]
[EventType "swiss"]
[EventRounds "11"]
[EventCountry "ESP"]
[SourceTitle "EXT 2004"]
[Source "ChessBase"]
[SourceDate "2003.11.25"]
[SourceVersion "1"]
[SourceVersionDate "2003.11.25"]
[SourceQuality "1"]

1. Nf3 d6 2. d4 g6 3. g3 Bg7 4. b3 c5 5. Bb2 Nc6 6. c4 Bg4 7. Bg2 Qb6 8. Nc3 Bxf3 9. Bxf3 Nxd4 10. Bg2 Nf6 11. Rb1 Rb8 12. Na4 Qc7 13. Bxd4 cxd4 14. Qxd4 b6 15. 0-0 0-0 16. Rfc1 Rfc8 17. Qd2 Nd7 18. Bh3 Rd8 19. Nc3 Bxc3 20. Rxc3 Ne5 21. Rd1 Qc5 22. Qd5 Qb4 23. Re3 e6 24. Qe4 Qc5 25. Bg2 b5 26. cxb5 Rxb5 27. Qd4 Kf8 28. a4 Qxd4 29. Rxd4 Rc5 30. f4 Rc1+ 31. Bf1 Nc6 32. Rd2 a5 33. Red3 Ke7 34. e4 Re1 35. Kf2 Rc1 36. Rd1 Rxd1 37. Rxd1 Rb8 38. Bb5 Nb4 39. Ke3 Rc8 40. Bc4 Rc5 41. g4 g5 42. f5 exf5 43. gxf5 Rc8 44. f6+ Kxf6 45. Rxd6+ Ke7 46. Rb6 Rc6 47. Rb7+ Kd8 48. Rxf7 Rh6 49. Rg7 Rh3+ 50. Kd4 h6 51. e5 Rxh2 52. e6 Nc6+ 53. Kc5 Ne7 54. Rf7 g4 55. Kd6 Nc8+ 56. Kc5 Ne7 57. Ba6 g3 58. Rf8+ Kc7 59. Re8 Rh5+ 60. Kd4 g2 61. Rxe7+ Kd6 0-1

[Event "Asturias-ch"]
[Site "Oviedo"]
[Date "2003.03.08"]
[Round "4.3"]
[White "Cascudo Pueyo, Ignacio"]
[Black "Rodriguez Fernandez, Juan Ramon"]
[Result "0-1"]
[WhiteElo "2067"]
[BlackElo "2189"]
[PlyCount "52"]
[EventDate "2003.02.22"]
[EventType "swiss"]
[EventRounds "11"]
[EventCountry "ESP"]
[SourceTitle "EXT 2004"]
[Source "ChessBase"]
[SourceDate "2003.11.25"]
[SourceVersion "1"]
[SourceVersionDate "2003.11.25"]
[SourceQuality "1"]

1. e4 e5 2. Nf3 Nc6 3. d4 exd4 4. Bc4 Nf6 5. e5 Ne4 6. Bd5 Nc5 7. 0-0 Be7 8. Nxd4 Nxd4 9. Qxd4 0-0 10. b4 Ne6 11. Bxe6 fxe6 12. c4 b6 13. c5 Bb7 14. Nc3 Qe8 15. Ne2 bxc5 16. bxc5 Qg6 17. Ng3 Bc6 18. Be3 Rab8 19. Rfd1 Rb5 20. Qc4 Rfb8 21. f4 Qg4 22. Rd2 Rb1+ 23. Rxb1 Rxb1+ 24. Kf2 Qh4 25. Qc2 Rh1 26. Rd1 Qxh2 0-1

[Event "Asturias-ch"]
[Site "Oviedo"]
[Date "2003.03.01"]
[Round "3.10"]
[White "Rodriguez Fernandez, Juan Ramon"]
[Black "Fidalgo Fernandez, Javier"]
[Result "1-0"]
[WhiteElo "2189"]
[BlackElo "2030"]
[PlyCount "85"]
[EventDate "2003.02.22"]
[EventType "swiss"]
[EventRounds "11"]
[EventCountry "ESP"]
[SourceTitle "EXT 2004"]
[Source "ChessBase"]
[SourceDate "2003.11.25"]
[SourceVersion "1"]
[SourceVersionDate "2003.11.25"]
[SourceQuality "1"]

1. e4 e6 2. d3 d5 3. Nd2 c5 4. Ngf3 Nc6 5. g3 Bd6 6. Bg2 Nge7 7. 0-0 0-0 8. Nh4 g5 9. Nhf3 f6 10. Nb3 d4 11. e5 Nxe5 12. Nxe5 Bxe5 13. Nxc5 Qc7 14. Ne4 Nd5 15. Re1 h6 16. Qh5 Qg7 17. Nc5 b6 18. Nb3 Bb7 19. c4 Nf4 20. gxf4 Bxg2 21. Kxg2 gxf4+ 22. Kh1 Qb7+ 23. f3 Kh7 24. Rg1 Rg8 25. Bd2 a6 26. Rxg8 Rxg8 27. Rg1 Rg5 28. Rxg5 fxg5 29. Kg2 Qe7 30. h4 Bf6 31. hxg5 Bxg5 32. Nxd4 Bf6 33. Ne2 e5 34. Qf5+ Kh8 35. Bc3 Qg7+ 36. Kf1 Kg8 37. Nxf4 exf4 38. Qxf6 Qg3 39. Qd8+ Kf7 40. Qd7+ Kf8 41. Bb4+ Kg8 42. Qe8+ Kh7 43. Qf7+ 1-0

[Event "Asturias-ch Preferente"]
[Site "Gijon"]
[Date "2002.03.17"]
[Round "7.4"]
[White "Llaneza Vega, Marcos"]
[Black "Rodriguez Fernandez, Juan Ramon"]
[Result "0-1"]
[WhiteElo "2120"]
[BlackElo "2226"]
[PlyCount "76"]
[EventDate "2002.02.24"]
[EventType "swiss"]
[EventRounds "9"]
[EventCountry "ESP"]
[SourceTitle "EXT 2003"]
[Source "ChessBase"]
[SourceDate "2002.11.25"]
[SourceVersion "1"]
[SourceVersionDate "2002.11.25"]
[SourceQuality "1"]

1. e4 e6 2. d3 d5 3. Nd2 Nf6 4. Ngf3 Nc6 5. c3 dxe4 6. dxe4 e5 7. Bc4 Bc5 8. 0-0 a5 9. Bb5 0-0 10. Bxc6 bxc6 11. Nxe5 Qe8 12. Nd3 Ba7 13. e5 Nd5 14. c4 Nb4 15. Nxb4 axb4 16. Qh5 f6 17. Qxe8 Rxe8 18. exf6 gxf6 19. Nf3 Bg4 20. a4 Bxf3 21. gxf3 Re2 22. b3 Rae8 23. Rb1 Rc2 24. Rb2 Ree2 25. Rxc2 Rxc2 26. Bf4 Bb6 27. Rc1 Rb2 28. c5 Ba5 29. Rd1 Rxb3 30. Rd8+ Kf7 31. Bxc7 Bxc7 32. Rd7+ Ke6 33. Rxc7 Kd5 34. Kf1 Ra3 35. Rxh7 b3 36. Ke2 Kc4 37. Kd2 Ra2+ 38. Kd1 Ra1+ 0-1

[Event "Asturias-chT Preferente 0102"]
[Site "Asturias"]
[Date "2001.12.08"]
[Round "4.1"]
[White "Cenal Gutierrez, Ruben"]
[Black "Rodriguez Fernandez, Juan Ramon"]
[Result "1/2-1/2"]
[WhiteElo "2250"]
[BlackElo "2168"]
[PlyCount "39"]
[EventDate "2001.11.03"]
[EventType "team-tourn"]
[EventRounds "11"]
[EventCountry "ESP"]
[SourceTitle "EXT 2003"]
[Source "ChessBase"]
[SourceDate "2002.11.25"]
[SourceVersion "1"]
[SourceVersionDate "2002.11.25"]
[SourceQuality "1"]

1. e4 d5 2. e5 c5 3. c3 Nc6 4. d4 Bf5 5. Bd3 Bxd3 6. Qxd3 Qb6 7. a3 c4 8. Qc2 e6 9. Ne2 Nge7 10. 0-0 Na5 11. Nd2 Nec6 12. f4 Nb3 13. Rb1 g6 14. Nf3 Be7 15. Be3 Qb5 16. Bf2 a5 17. Bh4 Bxh4 18. Nxh4 Ne7 19. Nf3 Nf5 20. g4 1/2-1/2

[Event "Asturias-chT Preferente 0102"]
[Site "Asturias"]
[Date "2001.12.01"]
[Round "3.1"]
[White "Rodriguez Fernandez, Juan Ramon"]
[Black "San Claudio Gonzalez, Francisco Javier"]
[Result "1/2-1/2"]
[WhiteElo "2168"]
[BlackElo "2254"]
[PlyCount "82"]
[EventDate "2001.11.03"]
[EventType "team-tourn"]
[EventRounds "11"]
[EventCountry "ESP"]
[SourceTitle "EXT 2003"]
[Source "ChessBase"]
[SourceDate "2002.11.25"]
[SourceVersion "1"]
[SourceVersionDate "2002.11.25"]
[SourceQuality "1"]

1. d4 Nf6 2. c4 g6 3. Nc3 d5 4. cxd5 Nxd5 5. Na4 Bg7 6. e4 Nb4 7. a3 N4a6 8. Be3 0-0 9. Nf3 c6 10. Be2 Nc7 11. 0-0 Nd7 12. Qc2 Nf6 13. h3 Ne6 14. Rfd1 Qc7 15. Rac1 Bd7 16. Nc3 Rfc8 17. e5 Nd5 18. Nxd5 cxd5 19. Qxc7 Rxc7 20. Rxc7 Nxc7 21. Rc1 Bc6 22. Nd2 f6 23. f4 Ne6 24. Nb3 Bh6 25. g3 Kf7 26. Nc5 Nxc5 27. Rxc5 fxe5 28. dxe5 e6 29. h4 a6 30. Kf2 Rc8 31. Rc3 Bf8 32. Bb6 Be7 33. Ke3 Ke8 34. Kd4 Bd7 35. Rxc8+ Bxc8 36. Bd3 Kf7 37. Bc7 Bd7 38. Bb6 Ba4 39. Kc3 Bd7 40. Kd4 Ba4 41. Ba5 Bb3 1/2-1/2

[Event "Asturias-chT Preferente 0102"]
[Site "Asturias"]
[Date "2001.11.03"]
[Round "1.1"]
[White "Rodriguez Fernandez, Juan Ramon"]
[Black "Bajo Gutierrez, Ignacio"]
[Result "0-1"]
[WhiteElo "2168"]
[BlackElo "2213"]
[PlyCount "48"]
[EventDate "2001.11.03"]
[EventType "team-tourn"]
[EventRounds "11"]
[EventCountry "ESP"]
[SourceTitle "EXT 2003"]
[Source "ChessBase"]
[SourceDate "2002.11.25"]
[SourceVersion "1"]
[SourceVersionDate "2002.11.25"]
[SourceQuality "1"]

1. e4 c5 2. Nf3 d6 3. d4 cxd4 4. Nxd4 Nf6 5. Nc3 g6 6. Be3 Bg7 7. f3 0-0 8. Qd2 Nc6 9. 0-0-0 d5 10. exd5 Nxd5 11. Nxc6 bxc6 12. Nxd5 cxd5 13. Qxd5 Qc7 14. Qc5 Qb7 15. b3 Bf5 16. Bd3 Rfc8 17. Qa3 Qd5 18. Bxf5 Qxf5 19. Rd2 Rc3 20. Qxe7 Bf6 21. Qb7 Rac8 22. Re1 Rxc2+ 23. Kd1 Rxd2+ 24. Bxd2 Qc2+ 0-1

[Event "Asturias-ch Preferente"]
[Site "Norena"]
[Date "2001.03.03"]
[Round "3.6"]
[White "Rodriguez Fernandez, Juan Ramon"]
[Black "Cenal Gutierrez, Ruben"]
[Result "0-1"]
[WhiteElo "2212"]
[BlackElo "2287"]
[PlyCount "84"]
[EventDate "2001.02.17"]
[EventType "swiss"]
[EventRounds "9"]
[EventCountry "ESP"]
[SourceTitle "EXT 2002"]
[Source "ChessBase"]
[SourceDate "2001.11.25"]
[SourceVersion "1"]
[SourceVersionDate "2001.11.25"]
[SourceQuality "1"]

1. e4 c6 2. d4 d5 3. Nd2 dxe4 4. Nxe4 Nd7 5. Bc4 e6 6. Qe2 Ngf6 7. Ng5 Nb6 8. Bd3 c5 9. N1f3 h6 10. dxc5 Bxc5 11. Ne4 Be7 12. Bd2 Bd7 13. Ne5 Qc7 14. Bf4 Nbd5 15. Bg3 Qa5+ 16. Kf1 Nxe4 17. Qxe4 Bc6 18. Re1 Nb4 19. Qf4 Bf6 20. Nc4 Nxd3 21. Nxa5 Nxf4 22. Bxf4 Bxb2 23. Rb1 Bd4 24. Nxc6 bxc6 25. Ke2 0-0 26. Rb7 Bb6 27. Bc7 Rfc8 28. Bxb6 axb6 29. Rxb6 Rxa2 30. Kd3 Kh7 31. Kc3 Ra5 32. Rd1 Rc5+ 33. Kb3 Rd5 34. Rd3 g5 35. Re3 Rd6 36. Rf3 Kg6 37. g4 f5 38. gxf5+ exf5 39. Re3 f4 40. Re7 Kf5 41. f3 Rd2 42. Rb4 Rf2 0-1